[Event "Buenos Aires Masters op"]
[Site "Buenos Aires"]
[Date "2024.06.22"]
[Round "8"]
[White "Tomeo, Nicolas"]
[Black "Lopez Maffia, Franco"]
[Result "0-1"]
[WhiteElo "2109"]
[BlackElo "1940"]
[PlyCount "118"]
[EventDate "2024.06.17"]
[EventType "swiss"]
[EventRounds "9"]
[EventCountry "ARG"]
[SourceTitle "EXT 2025"]
[Source "ChessBase"]
[SourceDate "2024.10.14"]
[SourceVersion "1"]
[SourceVersionDate "2024.10.14"]
[SourceQuality "1"]

1. d4 Nf6 2. Bg5 e6 3. e4 h6 4. Bxf6 Qxf6 5. c3 c5 6. d5 Qe5 7. Bd3 exd5 8. Nf3 Qf6 9. exd5 d6 10. 0-0 Be7 11. Qa4+ Bd7 12. Qe4 g6 13. Re1 Bf5 14. Qf4 Kf8 15. Bxf5 Qxf5 16. Qxf5 gxf5 17. Na3 Nd7 18. Re2 Nb6 19. Rae1 Bf6 20. Nb5 Nc4 21. Nc7 Rc8 22. Ne8 Be5 23. Nxe5 dxe5 24. b3 Kxe8 25. bxc4 f6 26. f4 e4 27. Kf2 h5 28. Rb2 Rc7 29. Reb1 b6 30. a4 Kd7 31. a5 Rb8 32. axb6 Rcb7 33. Ke3 axb6 34. g3 Kc7 35. h3 Rg8 36. Rg2 Ra7 37. g4 Ra3 38. Rc1 Kd6 39. Rb2 hxg4 40. Rxb6+ Ke7 41. Rb7+ Kd6 42. Rf7 gxh3 43. Rxf6+ Kd7 44. Rxf5 h2 45. Rh1 Rxc3+ 46. Kxe4 Rxc4+ 47. Ke5 Re8+ 48. Kf6 Rf8+ 49. Kg6 Rxf4 50. Rxf8 Rxf8 51. Rxh2 Kd6 52. Rd2 Rf4 53. Kg5 Rd4 54. Rc2 Kxd5 55. Kf5 c4 56. Ra2 c3 57. Ra5+ Kc4 58. Ke5 Rd8 59. Ra7 Kd3 0-1

[Event "Buenos Aires Masters op"]
[Site "Buenos Aires"]
[Date "2024.06.20"]
[Round "6"]
[White "Barrionuevo, Pablo"]
[Black "Lopez Maffia, Franco"]
[Result "1-0"]
[WhiteElo "2187"]
[BlackElo "1940"]
[PlyCount "87"]
[EventDate "2024.06.17"]
[EventType "swiss"]
[EventRounds "9"]
[EventCountry "ARG"]
[SourceTitle "CBM 220 Extra"]
[Source "ChessBase"]
[SourceDate "2024.07.31"]
[SourceVersion "1"]
[SourceVersionDate "2024.07.31"]
[SourceQuality "1"]

1. d4 Nf6 2. c4 c5 3. d5 b5 4. Qc2 d6 5. e4 bxc4 6. Nd2 g6 7. Nxc4 Bg7 8. Bd2 Nfd7 9. Bc3 Bxc3+ 10. Qxc3 0-0 11. Rd1 Nf6 12. f3 Nbd7 13. Ne2 Ba6 14. Ng3 Bxc4 15. Bxc4 Ne5 16. Be2 Qc7 17. f4 Ned7 18. 0-0 Rab8 19. b3 h5 20. Bd3 Ng4 21. Bc4 a5 22. Rfe1 a4 23. h3 Nh6 24. bxa4 Rb4 25. Bb5 Nb6 26. Qe3 Nxa4 27. f5 Kh7 28. Bc6 Nb2 29. Rc1 Nc4 30. Qg5 Ne5 31. fxg6+ fxg6 32. Rf1 Rbb8 33. Ne2 Nhf7 34. Qh4 Nxc6 35. dxc6 Qxc6 36. Qxe7 Qe8 37. Qh4 Qe5 38. Rf4 Ng5 39. Rg4 Ne6 40. Rd1 Rbd8 41. Rd5 Qa1+ 42. Kh2 Ng7 43. Nf4 Qf6 44. Nxg6 1-0